000 00539nam a2200217Ia 4500
003 OSt
005 20220923230333.0
006 a|||||r|||| 00| 0
007 ta
008 220922b |||||||| |||| 00| 0 hin d
024 _a279,560
037 _cTextual
040 _aARTS
_cARTS
_bhin
041 _2hin
_ahin
082 _aO153,1NSU1x, L5
245 0 _aਦਰਵਾਗ਼ਾ
260 _c1975
650 _aਪੰਜਾਬੀ ਸਾਹਿਤ
942 _hO153,1NSU1x, L5
_cTEXL
_2CC
999 _c384063
_d384063